Moi ulubieni polscy artyści rockowi/metalowi - Statystyki

Ogólne statystyki
  • Ten quiz został rozwiązany 31 razy
  • Średni wynik to 13 z 23
Statystyki odpowiedzi
piosenka Artysta % Poprawnych
Makumba Big Cyc
89%
Mniej niż zero Lady pank
89%
Gdy nie ma dzieci Kult
85%
Wehikuł czasu Dżem
81%
Autobiografia Perfect
81%
Baśka Wilki
81%
Jolka, Jolka pamiętasz Budka suflera
78%
Boskie Buenos Maanam
70%
Biała flaga Republika
70%
Dziewczyna z kebabem Nocny Kochanek
63%
Radio Hello Enej
59%
Rapapara Łydka Grubasa
59%
Mój dom IRA
52%
Nie pytaj o Polske Obywatel G.C
52%
51 TSA
52%
Ten wasz świat Oddział zamknięty
44%
Dorosłe dzieci Turbo
44%
Idz pod prąd KSU
30%
Autystyczny Luxtorpeda
30%
Znalazłam O.N.A
30%
Winna Agnieszka Chylińska
15%
Wyrocznia KAT
15%
Pizza Driver Acid Drinkers
11%
Nie znaleziono quizów pasujących do podanych kryteriów
Rozkład punktacji
Procent ludzi z każdym wynikiem
Percentyl według liczby udzielonych odpowiedzi
Twoja historia wyników
Nie rozwiązałeś tego quizu